Does Your Mother Know - ABBA Lyrics (Mamma Mia Movie) - Statistics

General Stats
  • This quiz has been taken 156 times
  • The average score is 302 of 356
Answer Stats
Hint Answer % Correct
you
99%
you,
99%
I
98%
your
98%
Verse You're
97%
you're
97%
do
96%
know
96%
know?
96%
that
96%
a
95%
Does
95%
me
95%
mother
95%
can
93%
like
93%
so
93%
So,
93%
So
93%
take
92%
Chorus 2 Take
92%
(take
92%
it
90%
it,
90%
on
90%
dance
89%
hot,
89%
out?
89%
teasing
89%
with
88%
but
87%
it's
87%
chance
86%
child
86%
fun
86%
And
84%
and
84%
can't
84%
if
84%
think
83%
funny
82%
honey,
82%
That's
82%
easy
80%
easy)
80%
the
80%
baby,
79%
little
79%
no
79%
only
79%
see
79%
in
78%
maybe
78%
eyes
77%
look
76%
something
76%
to
76%
That's
73%
boy,
71%
boy
71%
couldn't
71%
flirt
71%
slow
71%
be
70%
blue,
70%
go
70%
are
67%
nice
65%
of
65%
Oh,
65%
style
65%
There's
65%
down,
64%
way
64%
what
64%
young
64%
cute,
62%
smile
62%
when
62%
kid
61%
not
61%
driving
60%
chat
59%
cool
58%
girl
58%
I'm
57%
wild
57%
face
55%
give
54%
Try
54%
Chorus Well,
54%
for
53%
kind
53%
one
53%
want
53%
feelings
52%
pretty
52%
seem
52%
flash
51%
read
51%
searching
50%
Better
49%
mean
45%
Now
37%
Play
36%
Ah,
21%
No matching quizzes found
Score Distribution
Percent of People with Each Score
Percentile by Number Answered
Your Score History
You have not taken this quiz